000 01098cad a22002295a 4500
001 L155314
008 120316s20120307xxkd f s 000 0 eng d
035 _a(Sirsi) u155314
041 0 _aeng
050 0 4 _a346.4104342 $2 18
110 2 _aRoyal Institution of Chartered Surveyors
_94900
245 0 0 _aRICS residential lettings survey Great Britain
_bJanuary 2012
_h[electronic resource]
260 _aLondon
_bRICS
_c2012
490 0 _aRICS Residential Lettings Survey Great Britain
_vJanuary 2012
520 _aRents continue to rise, but growth has moderated; expectations are for further increases. Instructions increased, but firm tenant demand is continuing to drive rents. Rents rise at the greatest pace in the South East, but stabilise in the South West and the North.
590 _aKA
650 2 4 _aRICS RESIDENTIAL LETTINGS SURVEY GREAT BRITAIN
651 4 _aGreat Britain
_y1707-
690 _aResidential property
_96266
856 4 0 _uhttps://www.rics.org/Global/RICS%20Residential%20Lettings%20Survey%20Jan%202012.pdf
_zView the item free of charge at www.rics.org
942 _n0
999 _c113476
_d113476